Handbook for travellers in Syria and Palestine : including a short account of the geography, history, and religious and political divisions of these countries, together with detailed descriptions of Jerusalem, Damascus, Palmyra, Baalbek, and the interesting ruined cities of Moab, Gilead, and Bashan /

محفوظ في:

المؤلف الرئيسي: Murray, John, 1808-1892 (مؤلف)

مؤلفون آخرون: Smith, Haskett, 1847-1906.

التنسيق: كتاب

اللغة: English

منشور في: London : John Murray, 1892.

الطبعة: New ed.

الموضوعات:

الوسوم: إضافة وسم

لا توجد وسوم, كن أول من يضع وسما على هذه التسجيلة!

رقم الطلب: DS103 .M98 1892

LEADER 01008namaa2200241 4500
001 20990
003 OSt
005 20260223082719.0
008 130303s1892 enkabe f 000 0 eng d
040 |c ARCE Library 
043 |a a-sy---  |a awba---  |a awgz--- 
050 4 |a DS103 .M98 1892 
100 1 |a Murray, John,  |d 1808-1892,  |e author 
245 1 0 |a Handbook for travellers in Syria and Palestine :  |b including a short account of the geography, history, and religious and political divisions of these countries, together with detailed descriptions of Jerusalem, Damascus, Palmyra, Baalbek, and the interesting ruined cities of Moab, Gilead, and Bashan /  |c [by Haskett Smith]. 
250 |a New ed. 
264 1 |a London :  |b John Murray,  |c 1892. 
300 |a lii, [2], 403, 20 p. :   |b illus., fold. maps, fold. plan ;   |c 18 cm. 
651 0 |a Syria  |x Description and travel. 
651 0 |a Palestine  |x Description and travel. 
700 1 |a Smith, Haskett,  |d 1847-1906. 
901 |a reviewed 
942 |c BK  |2 lcc 
999 |c 18328  |d 18328